Регионална библиотека "Любен Каравелов" - Русе

Раят (Запис номер 17404)

MARC детайли
000 -Лидер
Контролно поле с фиксирана дължина 01473nam a2200361 c 4500
003 - Код на организацията, давaща контролен номер
Контролно поле BLK
005 - Дата и час на последна редакция
Контролно поле 20211210132021.0
008 - Елементи от данни с фиксирана дължина
fixed length control field 180413b bul|||||r ||||||| ||bul||
010 ## - Наследен системен номер
LC control number KNG00019347000
020 ## - Международен стандартен номер на книга ISBN
Международен стандартен номер на книга ISBN 954-8610-18-4
-- издат.: Лира Принт - (грешен)
020 ## - Международен стандартен номер на книга ISBN
Международен стандартен номер на книга ISBN 954-8610-16-7
-- издат.: Лира Принт - (поправен)
040 ## - Източник на каталожния запис
Идентификатор на билиотеката - собственик на записа BLK
041 ## - Код за език
Код за езика на текст/звукозапис или на отделно заглавие Български
Код за езика КДБФ Български
080 ## - УДК
Текстов определител УДК Американска литература (на САЩ)
УДК код - определител по УДК 821.111(73)
УДК определител -312.9
УДК - код + определител 821.111(73)-312.9
100 1# - Редна дума - Автор
Автор Резник, Майк
Авторска отговорност първи автор
R(LIN) 243630
139 ## - Редно поле
Редна дума Резник, Майк
Авторски знак Рез - Р 46
245 10 - Сведения за заглавието
Заглавие Раят
Подзаглавни данни [Роман]
Редно поле (дума) Майк Резник; прев. Сийка Нотева.
257 ## - Страна на издаване
Страна на създаване/издаване Съединени американски щати
260 ## - Област на издателските данни
-- София
Име на издателя, разпространителя и проч. Лира Принт
Година на издаване 1997
300 ## - Физическа характеристика
Страници 240 с.
Размери/Мащаб 20 см
380 ## - Жанр
Жанр Худож. лит.
490 1# - СЕРИИ (Колекции)
Име на серия Фантастика
490 1# - СЕРИИ (Колекции)
-- Подсерия
Име на серия Хроника на човешкия вид
№: серия Кн. 5
500 ## - Общи забележки
Забележка Ориг. загл. Paradise / Mike Resnick. - Офс. изд. - 2 200 тир. Романът е кн. 5 от Хроника на човешкия вид.
653 ## - Ключова дума – ненормативна
Ключова дума фантастика
653 ## - Ключова дума – ненормативна
Ключова дума романи
700 1# - Други автори (авторска отговорност)
Лично име Нотева, Сийка
Автороска отговорност (Описва отношението между автора и произведението) прев.
9 (RLIN) 364956
852 ## - Местоположение
Форматна сигнатура Цб 194721
856 4# - Електронен адрес и достъп
Електронен формат pdf - файл
Път до файла /url/
856 4# - Електронен адрес и достъп
Електронен формат pdf - файл
Път до файла /url/
942 ## - АРТИКУЛИ
Вид на библиотечния материал Книги
Скрит в OPAC Не
Koha issues (borrowed), all copies 3
944 ## - СЪЗДАВАНЕ И РЕДАКЦИЯ на ЗАПИСА
Създаване/Редакция Създаване
Дата на регистрацията/редакция 15.01.2003
Статус, дата на статуса ф /
Служител, извършил регистрацията/редакцията Людмила_Стоянова
944 ## - СЪЗДАВАНЕ И РЕДАКЦИЯ на ЗАПИСА
Създаване/Редакция Редакция
Дата на регистрацията/редакция 26.08.2016
Статус, дата на статуса ф /
Служител, извършил регистрацията/редакцията Пенка_Димитрова
999 ## - СИСТЕМНИ КОНТРОЛНИ НОМЕРА
Koha biblionumber 17404
Koha biblioitemnumber 17404
Наличности
Код за отписване Код за изгубен артикул Източник на класификационната схема Код за повреда Коз за рестрикции Код за отдаване Артикулен № Име на библиотеката - собственик Име на библиотеката, в която се намира в момента Статус (Текущо местоположение) Дата на вписване в системата Местоположение - отдел Цена в лева Инвентарен номер Систематично азбучна сигнатура Баркод Номер на екземпляра Цена в евро Служебна бележка Служебен тип на артикула
  Не е изгубен Universal Decimal Classification Не е повреден без рестрикции ползва се в читалня 29350 Регионална библиотека "Любен Каравелов" Русе Регионална библиотека "Любен Каравелов" Русе Хранилище 2001-01-01 Хранилище 2.90 636699 Цб 194721 120000636699 1 1.48 Дост: Dp Вид: Д N: стар фонд Дата: 01.01.1997 Книги
  Не е изгубен   Не е повреден без рестрикции заемане за дома 29351 Регионална библиотека "Любен Каравелов" Русе Регионална библиотека "Любен Каравелов" Русе Детски отдел 2003-08-29 Детски отдел 2.90 120000678639 ДХ 820/899/Р 46 120000678639 2 1.48 Дост: DA Вид: А N: 22 Дата: 28.08.2003 Дата инв: 10.08.2015 Бележки инв: Д2015 Книги
  Не е изгубен Universal Decimal Classification Не е повреден без рестрикции заемане за дома 29352 Регионална библиотека "Любен Каравелов" Русе Регионална библиотека "Любен Каравелов" Русе Заемна - подръчен фонд 2016-08-24 Заемна - подръчен фонд 15.00 120000803328 П 820(73)-31/Р 46 120000803328 3 7.67 Дост: DA Вид: А N: 32 Дата: 24.08.2016 Дата инв: 13.02.2018 Бележки инв: П2018 Книги
Vip Innovations Ltd, Rousse, Bulgaria 2025